000 00325nam a22001217a 4500
008 230621b xxu||||| |||| 00| 0 eng d
082 _a328.06
_bIPU
100 _cIPU
245 _a112th IPU Assembly and Related Meetings
_bSummary Records of the Proceedings
260 _aManila
_bIPU
_c2005
300 _a250p
942 _2ddc
_cBK
999 _c2022
_d2022